000 nam a22 7a 4500
999 _c129170
_d129170
008 190312b xxu||||| |||| 00| 0 eng d
050 _aB785.S85 G527
100 _aGironella, J. Roig
_945135
245 _aThe metaphysical synthesis of Suarez
_cJ. Roig Gironella
260 _aMilan
_bmariologia
_c1948
300 _a70p. ;
_c28cm.
500 _aStencilled
600 _aSuarez, Francisco
_932942
942 _2lcc
_cMONOGRAPH